Twitterのサブアカウントからぶいすぽっ!ライバーを当てよう - Statistics

General Stats
  • This quiz has been taken 22 times
    12 since last reset
  • The average score is 17 of 20
Answer Stats
アカウント名 Answer % Correct
平成に取り残された女 橘ひなの
100%
千燈ゆういち 千燈ゆうひ
100%
はなぶさりさ 英リサ
100%
あまゆいかも 甘結もか
100%
うるはさぶ 一ノ瀬うるは
100%
すみれだよ 花芽すみれ
100%
べにさま 八雲べに
100%
るなっつ
紫宮るな
100%
ねこたつ 猫汰つな
100%
あしゅ。 空澄セナ
100%
チョヤ 蝶屋はなび
100%
可愛いオタク 花芽なずな
90%
らむち 白波らむね
90%
にーと 小森めと
80%
うみんぐ 夜乃くろむ
70%
やーの 夜乃くろむ
70%
何食べても腹壊す 如月れん
60%
たそまる(勇者) 藍沢エマ
60%
胡桃のあ
60%
紡木こかげ
30%
No matching quizzes found
Score Distribution
Percent of People with Each Score
Percentile by Number Answered
Your Score History
You have not taken this quiz since the last reset